000 00691nam a2200205 a 4500
001 000013530
005 20200929163248.0
008 091125s2002 dr a 000 0 spa d
020 _a9993461369
040 _aDO-SdBNP
_bspa
_cBNPHU
082 _axxxx
_bL166m
100 1 _aLafontaine Gómez, Aura
_930859
245 1 0 _aManual de entrenamiento para visitadores a médicos /
_cAura Lafontaine Gómez ; prólogo Fidias Mejía Molina.
250 _a2a ed.
260 _aSanto Domingo :
_bBúho,
_c2002.
300 _a241 p. :
_bil. ;
_c23 cm.
500 _aIncluye datos biográficos del autor en la solapa de la cubierta
700 1 _aMejía Molina, Fidias,
_epról.
_930860
049 _aBNPD
999 _c13153
_d13153